World Trade Center - Statistics

Estatísticas Gerais
  • Esse quiz foi jogado 16 vezes
  • A pontuação média é 8 de 15
Estatísticas das Respostas
Questão Resposta % Correto
O World Trade Center representava qual símbolo americano? Econômico
85%
Em 2001, Um homem fechou um acordo de 3.200.000.000($3,2B) para controlar o complexo do WTC, e em 24 de julho de 2001, ele assinou o contrato de seguro, de uma apólice de seguro abragente que incluía cobertura contra atentandos terroristas. Quem é esse Homem? Larry Silverstein
77%
Qual era a cor predominante do WTC? Cinza Claro
69%
Em qual data o World Trade Center 1-2 foi inaugurado 4 De Abril de 1973
62%
Qual Torre desabou primeiro? 9:59 AM WTC 2
62%
Quantos Andares tinha as Torres Gêmeas? 110
54%
Por que queriam derrubar as Torres? Para provar que eles não eram poderosos
54%
No 11 de Setembro, qual foi a primeira torre a ser atingida pelo American 11? WTC 1
54%
Quantas xícaras de café eram servidas por dias? 30 Mil
46%
No 11 de Setembro, qual foi a segunda torre a ser atingida pelo United 175? WTC 2
46%
No colapso da Torre Su(WTC 2), o edifício desabou em cima de um dos prédios do WTC, qual era? WTC 3
46%
No World Trade Center havia quantos prédios? 7
31%
Qual Torre desabou após a Torre 2? WTC 1
31%
No 11 de Setembro, um edifício que não foi atingido, colapsou, desabou, qual era? WTC 7
31%
Demorei muito para fazer este quiz conferindo letra por letra, você poderia me dar uma avaliação positiva? (essa é a resposta)
15%
Nenhum quiz correspondente encontrado
Distribuição das Pontuações
Porcentagem de Pessoas com Cada Pontuação
Percentil de Números Respondidos
Sua Pontuação Histórica
Você não jogou esse quiz